| 000 | 00000nam##2200000za#4500 |
| 001 | 9.662688 |
| 003 | CaOODSP |
| 005 | 20210615120703 |
| 007 | ta |
| 008 | 150407|2001||||xxc||||| f|0| 0 fre|d |
| 020 | |a0-662-65654-7 |
| 040 | |aCaOODSP|bfre |
| 041 | |aeng |
| 041 | |afre |
| 043 | |an-cn--- |
| 086 | 1 |aSC94-82/2001 |
| 110 | 1 |aCanada.|bCentre canadien de gestion. |
| 245 | 13|aLe périple de l'apprentissage : |ble cap sur l'excellence / |cpar Peter Stoyko. |
| 260 | |aOttawa - Ontario : |bCentre canadien de gestion |c2001. |
| 300 | |avi, 60p. : |bill. ; |c28 cm. |
| 504 | |aBibliographie. |
| 563 | |aCouverture souple |
| 590 | |a02-27|b2002-07-05 |
| 590 | |a02-31|b2002-08-02 |
| 691 | 07|aAdministration publique|2gcpds |
| 691 | 07|aApprentissage|2gcpds |
| 691 | 07|aFonction publique|2gcpds |
| 720 | 1 |aStoyko, Peter |
| 776 | 0#|tLe périple de l'apprentissage : |w(CaOODSP)9.640024 |
| 776 | 0#|tThe learning journey : |w(CaOODSP)9.695904 |
| 791 | |tThe learning journey : |eeng|w(CaOODSP)9.662687 |